| 000 | 00714nam a2200253Ia 4500 | ||
|---|---|---|---|
| 003 | OSt | ||
| 005 | 20221005093012.0 | ||
| 006 | a|||||r|||| 00| 0 | ||
| 007 | ta | ||
| 008 | 221004b |||||||| |||| 00| 0 eng d | ||
| 024 | _a78572 | ||
| 037 | _cTextual | ||
| 040 |
_aCRL _cCRL _beng |
||
| 041 |
_2eng _aeng |
||
| 082 | _aI4:2, L1 | ||
| 100 |
_aBierhorst David W _9618025 |
||
| 245 | 0 | _aMorphology of vascular plants | |
| 260 |
_aNew York _bThe macmillan company London _c1971 |
||
| 300 |
_a560p. _ccm. |
||
| 490 | _a(The Macmillan biology series; Ed. Norman H.Giles and Johan G. Torrey) | ||
| 650 | _aBOTANY | ||
| 942 |
_hI4:2, L1 _cTEXL _2cc |
||
| 999 |
_c999698 _d999698 |
||